000 00195 a2200097 4500
020 _a9780794541583
041 _aeng
100 _aMackinnon, Mairi
245 _aLate night at the zoo
942 _cBK
999 _c31661
_d31659